000
00430nam a2200145Ia 4500
008
090124s9999 xx 000 0 und d
082
_b
304899
245
_a
कधी बहर कधी शिशिर
250
_a
1
260
_b
देव यशवंत.
_c
2004
300
_a
159
630
_a
कधी बहर कधी शिशिर
730
_a
कधी बहर कधी शिशिर
942
_c
BOOK
999
_c
194828
_d
194828